000 00324nam a2200109Ia 4500
008 171211s9999 xx 000 0 und d
245 _aNarrative Design : The Designer As an Istigator of Changes
245 _cGiulia Cordin
260 _c2016
650 _xDesign
856 _uhttp://down.ebook777.com/062/9783631660928.pdf
999 _c347893
_d347893